000 00566nam a2200133 a 4500
001 000032606
005 20200930065730.0
008 110719s2005 dr r 000 0 spa d
040 _aDO-SdBNP
_bspa
_cBNPHU
082 _axxxx
_bxxxx
245 0 3 _aEl Dr. Jeffrey Sachs visita a la República Dominicana :
_bSecretarios de Estado presentan resultados preliminares de la evaluación de necesidades sobrelos objetivos de desarrollo del milenio (ODM).
260 _aSanto Domingo :
_bComisión Presidencial Sobre los Objetivos del Milenio,
_c2005.
300 _a70 p. ;
_c30 cm.
999 _c32097
_d32097